000 00568nam a2200241 a 4500
001 nice12345678
003 IN_TiNIC
005 20260116012658.0
008 050524s1945 lona grp 000 0 urd
020 _a
_c1.5
082 0 0 _a954
_bMIN
100 _aMinoo, Masani
245 _aHamara Hindustan.
260 _aLondan
_bOxford University Press
_c1945
300 _a201p
500 _aincludes index and biblioraphy
505 2 _aBibliography, Index
650 _aIndia
700 1 _aMinoo, Masani
902 _bSRS
942 _cBK
999 _c7918
_d7918